000 00726nam a2200205Ii 4500
003 JO-AjNU
008 230605s9999||||xx |||||||||||||| ||und||
040 _aJO-AjNU
_bara
_erda
_cJO-AjNU
041 _aara
050 1 4 _aPJ7601.T7 1979
100 3 _aالثعالبي، أبومنصور عبد الملك بن محمد بن إسماعيل,
_eauthor
_959348
245 0 0 _aيتيمة الدهر في محاسن أهل العصر، ج1
250 _aد.ط
264 3 1 _aبيروت: دار الكتب العلمية، 1979
300 _aج1:447ص
336 _atext
_btxt
_2rdacontent
337 _aunmediated
_bn
_2rdamedia
338 _avolume
_bnc
_2rdacarrier
650 4 _aالشعر العربي - مختارات
_959349
999 _aA26702
_c30270
_d30270